| 000 | 00357nam a2200145Ia 4500 | ||
|---|---|---|---|
| 008 | 150201s2010 xx 000 0 und d | ||
| 082 |
_a617.7 _bA00J |
||
| 100 | _aJORDAN,CHRISTOPHER | ||
| 245 | _aATLAS OF ORTHOPAEDIC SURGICAL EXPOSURES | ||
| 250 | _a1ST | ||
| 260 |
_bTHIEME _aNEW YORK _c2010 |
||
| 300 | _a1-217 | ||
| 650 | _aORTHOPAEDICS | ||
| 942 |
_2ddc _cBK |
||
| 999 |
_c560 _d560 |
||